000
00285nam a22001337a 4500
020
_a
978-81-300-1693-1
082
_a
894.812.3
_b
PRI/J
100
_a
A.S PRIYA
245
_a
JAGAROOKA
260
_a
KOZHIKODE
_b
POORNA
300
_a
80
650
_a
NOVEL -MALAYALAM
_z
KERALA
942
_c
BK
999
_c
7172
_d
7172